Largest Cities in the World in 1000 AD - Statistics

General Stats
  • This quiz has been taken 72 times
  • The average score is 7 of 20
Answer Stats
Modern-Day Country Population City % Correct
Iraq 1.1 mil Baghdad
89%
Egypt 150k Alexandria
79%
Egypt 112k Cairo
79%
Turkey 358k Istanbul
73%
China 371k Xian
71%
Japan 181k Kyoto
70%
Spain 327k Cordoba
55%
Cambodia 150k Angkor
52%
China 321k Kaifeng
34%
China 123k Luoyang
32%
Iraq 457k Ctesiphon
27%
Iraq 343k Seleucia
23%
Iran 126k Nishapur
9%
China 177k Datong
5%
China 180k Handan
5%
Turkey 148k Pergamum
5%
India 176k Vaishali
4%
China 154k Maoling
2%
China 145k Qufu
2%
China 166k Yiyang
2%
No matching quizzes found
Score Distribution
Percent of People with Each Score
Percentile by Number Answered
Your Score History
You have not taken this quiz